000 00724nam a2200229 i 4500
001 80000
003 ES-MaACL
005 20250930063103.0
007 t|
008 041026s1986 sp ||||1| spa d
020 _a84-322-0541-7
100 1 _aHesse, Hermann,
_d1877-1962
_963472
245 1 0 _aTres momentos de un vida (Knulp) /
_cHermann Hesse ; traducción del alemán por Ana María de la Fuente.
250 _a1ª ed.
260 _aBarcelona :
_bSeix Barral,
_c1986.
300 _a109 p. ;
_c20 cm.
490 1 _aBiblioteca breve
700 1 _aFuente, Ana María de la.
_952831
830 0 _aBiblioteca breve (Seix Barral)
_9227188
852 _aES-MaACL
_jL-10452
_bR.111672
999 _c80000
_d80000